| 000 | 00396cam a2200157ua 4500 | ||
|---|---|---|---|
| 041 |
_aeng _h |
||
| 082 |
_a581 _bRAV/CO |
||
| 100 | _aRavindranath, R . | ||
| 245 |
_aComposite modern BSc Botany, Part 1 / _cR Ravindranath. _hTextual Documents |
||
| 260 |
_aNew Delhi : _bKalyani Publishers , _c1994. |
||
| 300 | _a821 ; . | ||
| 504 | _a | ||
| 650 | _aBotany | ||
| 942 | _cBK | ||
| 999 |
_c401 _d401 |
||